Ultimate Border Challenge By Letter - I - Statistics

General Stats
  • This quiz has been taken 115 times
  • The average score is 30 of 33
Answer Stats
Hint Answer % Correct
India Pakistan
100%
Iran Pakistan
100%
Ireland United Kingdom
98%
Iraq Jordan
97%
Israel Jordan
97%
India Nepal
97%
India Bangladesh
94%
India China
94%
Iraq Syria
94%
Israel Syria
94%
Italy Vatican City
94%
Iran Afghanistan
93%
Iran Iraq
93%
Israel Lebanon
93%
Indonesia Malaysia
93%
Italy France
92%
Iraq Saudi Arabia
92%
Italy Switzerland
92%
Indonesia Papua New Guinea
91%
Italy Austria
90%
Iraq Kuwait
90%
Italy San Marino
90%
India Bhutan
89%
Israel Egypt
89%
Iran Turkey
88%
Iraq Turkey
88%
Iraq Iran
87%
Italy Slovenia
87%
Indonesia East Timor
82%
India Myanmar
82%
Iran Armenia
76%
Iran Turkmenistan
76%
Iran Azerbaijan
74%
No matching quizzes found
Score Distribution
Percent of People with Each Score
Percentile by Number Answered
Your Score History
You have not taken this quiz